Span of Control in Teamwork and Organization Structure

Vplyv determinantov na kontrolu tímovej práce: ako funkčná oblasť kontroly, úroveň riadenia, dĺžka riadiacej pozície, vek manažéra, veľkosť a zloženie tímu. Neparametrické testovanie.

Uložené v:
Podrobná bibliografia
Hlavný autor: Remeňová, Katarína, 1982-
Ďalší autori: Skorková, Zuzana, 1979-, Jankelová, Nadežda, 1966-
Médium: Kapitola
Jazyk:English
Predmet:
Tagy: Pridať tag
Žiadne tagy, Buďte prvý, kto otaguje tento záznam!

MARC

LEADER 00000nla a2200000 4500
001 0246505
005 20260312081502.3
041 0 |a eng 
044 |a ME 
245 1 0 |a Span of Control in Teamwork and Organization Structure  |c Katarína Remeňová, Zuzana Skorková, Nadežda Jankelová 
520 |a Vplyv determinantov na kontrolu tímovej práce: ako funkčná oblasť kontroly, úroveň riadenia, dĺžka riadiacej pozície, vek manažéra, veľkosť a zloženie tímu. Neparametrické testovanie. 
610 2 0 |a tímy pracovné 
610 2 0 |a riadenie 
610 2 0 |a meranie výkonnosti 
610 2 0 |a kontrola riadenia 
610 2 0 |a kontrola nepriama 
610 2 0 |a štruktúra organizačná 
610 2 0 |a práca tímová 
100 1 |a Remeňová, Katarína, 1982- 
700 1 |a Skorková, Zuzana, 1979- 
700 1 |a Jankelová, Nadežda, 1966-